A ladeira da saudade (Record no. 184586)

MARC details
000 -LÍDER
campo de controle de tamanho fixo 00365 a2200169 4500
001 - NÚMERO DE CONTROLE
campo de controle 184586
020 ## - ISBN - INTERNATIONAL STANDARD BOOK NUMBER
ISBN - International Standard Book Number 978-85-16-07966-6
040 ## - FONTE DA CATALOGAÇÃO
Instituição que transcreveu o registro Magnum
100 ## - ENTRADA PRINCIPAL--NOME PESSOAL
Nome pessoal Ganymédes, José
240 10 - TÍTULO UNIFORME
Título uniforme A ladeira da saudade
Idioma da obra por
245 10 - TÍTULO
Título A ladeira da saudade
300 ## - DESCRIÇÃO FÍSICA
Extensão 223
362 0# - DATAS DE PUBLICAÇÃO E/OU DESIGNAÇÃO SEQUENCIAL
Datas de publicação e/ou designação sequencial 2012
440 #1 - DECLARAÇÃO DE SÉRIE/ENTRADA ADICIONADA--TÍTULO
Título Moderna
697 ## - ENTRADA DE ASSUNTO LOCAL--ENTIDADE COLETIVA (RLIN)
Nome corporativo ou nome da jurisdição LITERATURA JUVENIL
942 ## - ELEMENTOS DE ENTRADA ADICIONADOS (KOHA)
Tipo de material Koha Livros
Holdings
Situação do descarte Situação das perdas Situação física Não pode ser emprestado Biblioteca de origem Biblioteca atual Data de aquisição Total de empréstimos Número de chamada completo Código de barras Data de último acesso Data do preço efetivo Tipo de material Koha
        Magnum Magnum 08/06/2024   869.3.136 MAG00044360 08/06/2024 08/06/2024 Livros
        Magnum Magnum 08/06/2024   869.3.136 MAG00044361 08/06/2024 08/06/2024 Livros
        Magnum Magnum 08/06/2024   869.3.136 MAG00044362 08/06/2024 08/06/2024 Livros
        Magnum Magnum 08/06/2024   869.3.136 MAG00044363 08/06/2024 08/06/2024 Livros
        Magnum Magnum 08/06/2024   869.3.136 MAG00044364 08/06/2024 08/06/2024 Livros